Frontpage : (Record no. 301)

000 -LEADER
fixed length control field nam a22 a 4500
003 - CONTROL NUMBER IDENTIFIER
control field AKMAL
005 - DATE AND TIME OF LATEST TRANSACTION
control field 20170503102610.0
008 - FIXED-LENGTH DATA ELEMENTS--GENERAL INFORMATION
fixed length control field 170503s1998 my 00 may d
020 ## - INTERNATIONAL STANDARD BOOK NUMBER
International Standard Book Number 9835802491 (kkt.):
Terms of availability RM
040 ## - CATALOGING SOURCE
Original cataloging agency AKMAL
082 04 - DEWEY DECIMAL CLASSIFICATION NUMBER
Classification number 005.75 HOW
090 00 - LOCALLY ASSIGNED LC-TYPE CALL NUMBER (OCLC); LOCAL CALL NUMBER (RLIN)
Classification number (OCLC) (R) ; Classification number, CALL (RLIN) (NR) 005.75
Local cutter number (OCLC) ; Book number/undivided call number, CALL (RLIN) HOW
100 1# - MAIN ENTRY--PERSONAL NAME
Personal name Howell, Dave
9 (RLIN) 672
245 10 - TITLE STATEMENT
Title Frontpage :
Remainder of title cara mudah /
Statement of responsibility, etc. pengarang Dave Howell ; alih bahasa Vincent Kong C.S.
260 ## - PUBLICATION, DISTRIBUTION, ETC.
Place of publication, distribution, etc. Shah Alam :
Name of publisher, distributor, etc. Federal Publications,
Date of publication, distribution, etc. 1998
300 00 - PHYSICAL DESCRIPTION
Extent [158]ms. :
Other physical details il. ;
Dimensions 23cm
650 #0 - SUBJECT ADDED ENTRY--TOPICAL TERM
Topical term or geographic name entry element Web sites
9 (RLIN) 673
650 #0 - SUBJECT ADDED ENTRY--TOPICAL TERM
Topical term or geographic name entry element Web publishing
9 (RLIN) 674
700 1# - ADDED ENTRY--PERSONAL NAME
Personal name Kong, Vincent C.S.
9 (RLIN) 675
942 ## - ADDED ENTRY ELEMENTS (KOHA)
Source of classification or shelving scheme
Koha item type Book
Holdings
Withdrawn status Lost status Source of classification or shelving scheme Damaged status Not for loan Collection code Home library Current library Shelving location Date acquired Inventory number Total Checkouts Full call number Barcode Date last seen Price effective from Koha item type
          NON-FICTION AKMAL Melaka AKMAL Melaka PINJAMAN 03.05.2017 000611   005.75 HOW 201701176 03.05.2017 03.05.2017 Book
          NON-FICTION AKMAL Melaka AKMAL Melaka PINJAMAN 03.05.2017 000610   005.75 HOW 201701177 03.05.2017 03.05.2017 Book
Pusat Sumber Maklumat Dato' Haji Sarmin Md Hussin, Akademi Kastam Diraja Malaysia, Melaka
Tel: 06-2331106 | Faks: 06-2313787